[Event "POL-chT blind"]
[Site "Wagrowiec"]
[Date "2017.10.15"]
[Round "2.12"]
[White "Tyszkiewicz, Adam"]
[Black "Gawel, Janusz"]
[Result "0-1"]
[WhiteElo "1506"]
[BlackElo "1549"]
[PlyCount "102"]
[EventDate "2017.10.14"]
[EventType "team-tourn"]
[EventRounds "9"]
[EventCountry "POL"]
[SourceTitle "EXT 2019"]
[Source "ChessBase"]
[SourceDate "2018.10.10"]
[SourceVersion "1"]
[SourceVersionDate "2018.10.10"]
[SourceQuality "1"]

1. e4 c5 2. c4 Nc6 3. Nc3 d6 4. d3 e6 5. Nf3 Nf6 6. b3 Be7 7. Bb2 a6 8. Be2 0-0 9. 0-0 Qc7 10. Re1 Rd8 11. h3 Nd4 12. Nxd4 cxd4 13. Na4 e5 14. Rf1 b5 15. cxb5 axb5 16. Rc1 Qa7 17. f4 bxa4 18. fxe5 dxe5 19. Rc4 axb3 20. axb3 Be6 21. Ra4 Qb6 22. Rxa8 Rxa8 23. Qd2 Qxb3 24. Bc1 h6 25. Bd1 Qa2 26. Qe1 Rc8 27. Bd2 Nh7 28. Rf3 Bf6 29. Kh2 Bg5 30. Bxg5 Nxg5 31. Rf2 Qb1 32. Qg1 Qxd3 33. Bf3 Qe3 34. h4 Nxf3+ 35. gxf3 Qf4+ 36. Qg3 Qxg3+ 37. Kxg3 Ra8 38. Rd2 Ra2 39. Rd3 Rc2 40. Rd1 Bc4 41. h5 d3 42. f4 exf4+ 43. Kxf4 d2 44. Ke3 Be6 45. Kd3 Ra2 46. Rxd2 Rxd2+ 47. Kxd2 Bg4 48. Ke3 Bxh5 49. Kf4 g6 50. Kg3 Bd1 51. e5 Kg7 0-1

[Event "POL-chT blind"]
[Site "Wagrowiec"]
[Date "2017.10.14"]
[Round "1.9"]
[White "Gawel, Janusz"]
[Black "Sargalski, Andrzej"]
[Result "1/2-1/2"]
[WhiteElo "1549"]
[BlackElo "1811"]
[PlyCount "90"]
[EventDate "2017.10.14"]
[EventType "team-tourn"]
[EventRounds "9"]
[EventCountry "POL"]
[SourceTitle "EXT 2019"]
[Source "ChessBase"]
[SourceDate "2018.10.10"]
[SourceVersion "1"]
[SourceVersionDate "2018.10.10"]
[SourceQuality "1"]

1. d4 d5 2. c4 c6 3. Nf3 Nf6 4. e3 e6 5. Bd3 Nbd7 6. a3 Qa5+ 7. Nc3 dxc4 8. Bxc4 Ne4 9. Qc2 Ndf6 10. 0-0 Nxc3 11. Qxc3 Qh5 12. Qc2 g5 13. e4 g4 14. Ne5 Rg8 15. Bf4 Bd6 16. Rad1 Bxe5 17. Bxe5 Qg6 18. Bd3 h5 19. Bg3 Qg5 20. Qd2 Qxd2 21. Rxd2 b6 22. Bh4 Nd7 23. b4 Bb7 24. Rc1 Rc8 25. e5 b5 26. Be4 Nb6 27. Rd3 Nd5 28. Bxd5 exd5 29. Bf6 Kd7 30. g3 a5 31. Rdd1 Ra8 32. Ra1 Ra6 33. Rd2 Rga8 34. bxa5 Rxa5 35. Rd3 b4 36. Rb3 Rxa3 37. Rab1 Rxb3 38. Rxb3 Ra1+ 39. Kg2 Ba6 40. f3 Ra2+ 41. Kg1 gxf3 42. Rxf3 Ra3 43. Rf2 b3 44. Rb2 Ra1+ 45. Kf2 Ra2 1/2-1/2